Countries with the Highest Birth Rate A-Z - Statistics

General Stats
  • This quiz has been taken 797 times
  • The average score is 14 of 22
Answer Stats
Birth Rate (‰) Country % Correct
Y 29.2 Yemen
86%
N 44.8 Niger
85%
Z 41.8 Zambia
84%
O 24.3 Oman
83%
Q 9.7 Qatar
81%
U 43.4 Uganda
75%
E 36.9 Ethiopia
72%
K 25.1 Kenya
69%
A 38.6 Angola
68%
M 44.4 Mali
67%
C 36.1 Chad
64%
J 25.5 Jordan
62%
H 23.3 Haiti
61%
T 36.0 Tanzania
61%
V 24.5 Vanuatu
59%
S 40.0 Somalia
56%
G 35.4 Guinea
54%
B 41.7 Burundi
53%
I 30.9 Iraq
52%
L 33.9 Liberia
52%
P 24.0 Philippines / PNG
48%
F 20.3 F. S. of Micronesia
35%
No matching quizzes found
Score Distribution
Percent of People with Each Score
Percentile by Number Answered
Your Score History
You have not taken this quiz